=LDR 00000nam 2200000 4500 =001 INLIS000000000030983 =005 20221124085610 =035 ##$$a 0010-061300000030983 =008 221124################g##########0#ind## =041 ##$$a ind =082 ##$$a 028.5 =090 ##$$a 028.5, Mua a =100 ##$$a Muakhir,Ali =245 1#$$a Apa itu Halal = What is Halal /$c Ali Muakhir,Rayya; penerjemah, Farah; editor, Imran Laha,Yanti Munawarah =260 ##$$a Jakarta :$b Bumi Aksara,$c 2009 =300 ##$$a 31 hlm : $b Ilus ; $c 17 cm =650 #4$$a Bacaan Anak-anak =850 ##$$a NBPNMAT =020 ##$$a 978-979-010-503-4 =084 ##$$a 028.5 MUA a =990 ##$$a 21306486 =990 ##$$a 21306488 =990 ##$$a 21601075 =990 ##$$a 21601076 =990 ##$$a 21601077 =990 ##$$a 21601078 =990 ##$$a 21601079 =990 ##$$a 20901642 =990 ##$$a 21306485 =990 ##$$a 20901643 =990 ##$$a 11361136 =990 ##$$a 20901644 =990 ##$$a 21306486 =990 ##$$a 21306488 =990 ##$$a 21601075 =990 ##$$a 21601076 =990 ##$$a 21601077 =990 ##$$a 21601078 =990 ##$$a 21601079 =990 ##$$a 20901642 =990 ##$$a 21306485 =990 ##$$a 20901643 =990 ##$$a 01800180 =990 ##$$a 20901646 =990 ##$$a 21306486 =990 ##$$a 21306488 =990 ##$$a 21601075 =990 ##$$a 21601076 =990 ##$$a 21601077 =990 ##$$a 21601078 =990 ##$$a 21601079 =990 ##$$a 20901642 =990 ##$$a 21306485 =990 ##$$a 20901643 =990 ##$$a 20901644